Statement by the Managing Director on the Independent Evaluation Office Report on IMF Exchange Rate Policy Advice : Revisiting the 2007 IEO Evaluation.

I would like to thank the Independent Evaluation Office (IEO) for preparing this informative and timely report, which provides an update on the IMF's progress in its approach to exchange rate policy advice since 2007. I am pleased with its main finding that the IMF has substantially overhauled...

ver descrição completa

Detalhes bibliográficos
Autor Corporativo: International Monetary Fund
Formato: Periódico
Idioma:English
Publicado em: Washington, D.C. : International Monetary Fund, 2017.
Colecção:Policy Papers; Policy Paper ; No. 2017/057
Assuntos:
Acesso em linha:Full text available on IMF
LEADER 01812cas a2200301 a 4500
001 AALejournalIMF020621
008 230101c9999 xx r poo 0 0eng d
020 |c 5.00 USD 
020 |z 9781498346290 
022 |a 2663-3493 
040 |a BD-DhAAL  |c BD-DhAAL 
110 2 |a International Monetary Fund. 
245 1 0 |a Statement by the Managing Director on the Independent Evaluation Office Report on IMF Exchange Rate Policy Advice :   |b Revisiting the 2007 IEO Evaluation. 
264 1 |a Washington, D.C. :  |b International Monetary Fund,  |c 2017. 
300 |a 1 online resource (1 pages) 
490 1 |a Policy Papers 
500 |a <strong>Off-Campus Access:</strong> No User ID or Password Required 
500 |a <strong>On-Campus Access:</strong> No User ID or Password Required 
506 |a Electronic access restricted to authorized BRAC University faculty, staff and students 
520 3 |a I would like to thank the Independent Evaluation Office (IEO) for preparing this informative and timely report, which provides an update on the IMF's progress in its approach to exchange rate policy advice since 2007. I am pleased with its main finding that the IMF has substantially overhauled its approach to exchange rate policy advice, and concur that some issues need our continued attention. I would like to note that management and staff remain fully committed to the role of the External Sector Report (ESR) in Fund surveillance. 
538 |a Mode of access: Internet 
650 7 |a Advice  |2 imf 
650 7 |a Fund Surveillance  |2 imf 
650 7 |a IEO Evaluation  |2 imf 
650 7 |a Policy Advice  |2 imf 
650 7 |a PP  |2 imf 
830 0 |a Policy Papers; Policy Paper ;  |v No. 2017/057 
856 4 0 |z Full text available on IMF  |u http://elibrary.imf.org/view/journals/007/2017/057/007.2017.issue-057-en.xml  |z IMF e-Library